ბათუმის შოთა რუსთაველის სახელმწიფო უნივერსიტეტის ბიბლიოთეკა

Behavioral, social, and emotional assessment of children and adolescents / (ბიბ.ჩანაწერი № 58064)

000 -LEADER
fixed length control field 01085cam a2200241 a 4500
001 - CONTROL NUMBER
control field 17276152
005 - DATE AND TIME OF LATEST TRANSACTION
control field 20210604120540.0
008 - FIXED-LENGTH DATA ELEMENTS--GENERAL INFORMATION
fixed length control field 120427s2018 nyu 000 0 eng
020 ## - INTERNATIONAL STANDARD BOOK NUMBER
International Standard Book Number 9781138814394
041 ## - LANGUAGE CODE
Language code of text/sound track or separate title eng
080 ## - UNIVERSAL DECIMAL CLASSIFICATION NUMBER
Universal Decimal Classification number 159.922.7 W-63
100 1# - MAIN ENTRY--PERSONAL NAME
Personal name Whitcomb, Sara A.
9 (RLIN) 11957
245 10 - TITLE STATEMENT
Title Behavioral, social, and emotional assessment of children and adolescents /
Statement of responsibility, etc. by Sara A. Whitcomb.
250 ## - EDITION STATEMENT
Edition statement Fifth edition
264 ## - PRODUCTION, PUBLICATION, DISTRIBUTION, MANUFACTURE, AND COPYRIGHT NOTICE
Place of production, publication, distribution, manufacture New York :
Name of producer, publisher, distributor, manufacturer Routledge,
Date of production, publication, distribution, manufacture, or copyright notice 2018.
300 ## - PHYSICAL DESCRIPTION
Extent 506 p. ;
Dimensions 26 cm.
653 ## - INDEX TERM--UNCONTROLLED
keyword ბავშვთა და მოზარდთა ქცევითი, სოციალური და ემოციური შეფასება
653 ## - INDEX TERM--UNCONTROLLED
keyword ფსიქოლოგია
653 ## - INDEX TERM--UNCONTROLLED
keyword Поведенческая, социальная и эмоциональная оценка детей и подростков
653 ## - INDEX TERM--UNCONTROLLED
keyword Психологические тесты для детей
653 ## - INDEX TERM--UNCONTROLLED
keyword ფსიქოლოგიური ტესტები ბავშვებისთვის
942 ## - ADDED ENTRY ELEMENTS (KOHA)
Source of classification or shelving scheme
Koha item type წიგნი
ეგზემპლარები
Withdrawn status Lost status Source of classification or shelving scheme Damaged status Not for loan Permanent Location Current Location Shelving location Date acquired Cost, normal purchase price Full call number Barcode Date last seen Copy number Price effective from Koha item type Public note
          ბათუმის შოთა რუსთაველის სახელმწიფო უნივერსიტეტის მთავარი ბიბლიოთეკა ბათუმის შოთა რუსთაველის სახელმწიფო უნივერსიტეტის მთავარი ბიბლიოთეკა წიგნსაცავი 2021-06-04 215.00 159.922.7 W-63 61353 2021-06-04 61353 2021-06-04 წიგნი 215 ლ.